Biodegradabilné obalové materiály - bioplasty
Ekologické nakladanie s obalovými odpadmi a používanie biologicky rozložiteľných polymérov v aplikačných odboroch by sa malo stať nezanedbateľným príspevkom k ochrane životného prostredia. Recyklácia odpadov a ich surovinové a energetické využívanie.
Guardado en:
| Autor principal: | |
|---|---|
| Formato: | Capítulo de libro |
| Lenguaje: | eslovaco |
| Materias: | |
| Etiquetas: |
Sin Etiquetas, Sea el primero en etiquetar este registro!
|
MARC
| LEADER | 00000nla a2200000 4500 | ||
|---|---|---|---|
| 001 | 0178948 | ||
| 005 | 20240502073035.5 | ||
| 041 | 0 | |a slo | |
| 044 | |a SK | ||
| 245 | 1 | 0 | |a Biodegradabilné obalové materiály - bioplasty |c Igor Kačeňák |
| 520 | |a Ekologické nakladanie s obalovými odpadmi a používanie biologicky rozložiteľných polymérov v aplikačných odboroch by sa malo stať nezanedbateľným príspevkom k ochrane životného prostredia. Recyklácia odpadov a ich surovinové a energetické využívanie. | ||
| 610 | 2 | 0 | |a hospodárstvo obalové |
| 610 | 2 | 0 | |a technika obalová |
| 610 | 2 | 0 | |a biotechnológia |
| 610 | 2 | 0 | |a obaly |
| 610 | 2 | 0 | |a plasty |
| 610 | 2 | 0 | |a recyklácia odpadu |
| 610 | 2 | 0 | |a prostredie životné |
| 100 | 1 | |a Kačeňák, Igor | |